| 000 | 00728nam a22002177a 4500 | ||
|---|---|---|---|
| 999 |
_c4817 _d4817 |
||
| 003 | AR-CdUCM | ||
| 008 | 190311b ||||| |||| 00| 0 eng d | ||
| 040 |
_aMUNICIPALIDAD PROVINCIAL DEL CUSCO _cBIBLIOTECA MUNICIPAL DEL CUSCO |
||
| 082 |
_a284 / _bP45 |
||
| 100 |
_aPerez Marcio, Braulio _914853 |
||
| 245 | _aVislumbres de esperanza / | ||
| 260 |
_aArgentina : _bSudamericana, _c1962. |
||
| 300 |
_a194 páginas. _bimágenes. _c22 cm. |
||
| 505 | _aEl valor de la perseverancia -- Lecciones del dolor -- La única fuente del optimismo -- Un puerto al cual llegar. | ||
| 650 |
_aConsejos. _914854 |
||
| 650 |
_aReligión. _91195 |
||
| 650 |
_aFe. _98820 |
||
| 650 |
_aEducación. _9460 |
||
| 942 |
_2ddc _cLIBROS |
||
| 945 | _awfj | ||